Entry Personal Name
001 - CONTROL NUMBER
- control field: 2529
003 - CONTROL NUMBER IDENTIFIER
- control field: AM-YEHGA
005 - DATE AND TIME OF LATEST TRANSACTION
- control field: 20250617070437.0
008 - FIXED-LENGTH DATA ELEMENTS
- fixed length control field: 051214 a|ac|n|aab||||||||||||a |n|||||||
040 ## - CATALOGING SOURCE
- Original cataloging agency: AM-YEHGA
100 1# - HEADING--PERSONAL NAME
- Personal name: Խրախունի, Զարեհ,
- Dates associated with a name: 1926-2015
400 1# - SEE FROM TRACING--PERSONAL NAME
- Personal name: Խրախունի, Զարեհ
400 1# - SEE FROM TRACING--PERSONAL NAME
- Personal name: Խրախունի,
- Dates associated with a name: 1926-2015
400 1# - SEE FROM TRACING--PERSONAL NAME
- Personal name: Ճյումպյուշյան, Արթո Ստեփանի,
- Dates associated with a name: 1926-2015
400 1# - SEE FROM TRACING--PERSONAL NAME
- Personal name: Храхуни, Заре,
- Dates associated with a name: 1926-2015
400 1# - SEE FROM TRACING--PERSONAL NAME
- Personal name: Храхуни, Заре
400 1# - SEE FROM TRACING--PERSONAL NAME
- Personal name: Khrakhuni, Zareh,
- Dates associated with a name: 1926-2015
400 1# - SEE FROM TRACING--PERSONAL NAME
- Personal name: Khrakhuni, Zareh
670 ## - SOURCE DATA FOUND
- Uniform Resource Identifier: <a href="http://www.litopedia.org/index.php?title=Զարեհ_Խրախունի"target="_blank">Բանասիրության հանրագիտարան</a>
670 ## - SOURCE DATA FOUND
- Source citation: Հայկական համառոտ հանրագիտարան, 1999 :
- Information found: Հ. 3 (Խրախունի Զարեհ (Ճյումպուշյան Զարեհ) [ծ. 16.10.1926, Կ. Պոլիս, բանաստեղծ)):
670 ## - SOURCE DATA FOUND
- Source citation: Քար Հայաստանի : (Բանաստեղծություններ), 1997 :
- Information found: տիտղթ. (Զարեհ Խրախունի)
670 ## - SOURCE DATA FOUND
- Source citation: Դիւցազնահանդէս : [Դյուցազներգություն], 1984 :
- Information found: տիտղթ. (Զարեհ Խրախունի)
670 ## - SOURCE DATA FOUND
- Source citation: Մատենաշար ժամանակակից սփիւռքահայ բանաստեղծութեան, 1970 :
- Information found: տիտղթ. (Խրախունի)
670 ## - SOURCE DATA FOUND
- Source citation: Песнь на ветруСтихотворения : Пер. с западноарм., 1997 :
- Information found: т.л. (Заре Храхуни)
ՀՀ Գիտությունների ազգային ակադեմիայի հիմնարար գիտական գրադարան = Fundamental Scientific Library of NAS RA
All site content, except where otherwise noted, is licensed under a